Norwich City International Goal Scorers (Most Goals) - Statistics

General Stats
  • This quiz has been taken 6 times
  • The average score is 8 of 16
Answer Stats
Answer % Correct
Teemu Pukki
100%
Onel Hernández
83%
Adam Idah
67%
Alexander Tettey
67%
Marcelino Núñez
67%
Robbie Brady
67%
Simeon Jackson
67%
Wes Hoolahan
67%
Danel Sinani
50%
Robert Earnshaw
50%
Kyle Lafferty
33%
Mark Bowen
33%
Keith O'Neill
17%
Youssef Safri
17%
Ted MacDougall
0%
Wynton Rufer
0%
No matching quizzes found
Score Distribution
Percent of People with Each Score
Percentile by Number Answered
Your Score History
You have not taken this quiz